|
|
|
|
| LEADER |
00952nam a2200253 a 4500 |
| 001 |
0017261 |
| 003 |
BD-DhAAL |
| 008 |
090723s1982 enk 000 1 eng d |
| 010 |
|
|
|a 85119141
|
| 020 |
|
|
|a 0143335499
|
| 040 |
|
|
|a DLC
|c DLC
|d DLC
|d BD-DhAAL
|
| 082 |
0 |
0 |
|a 823
|2 20
|
| 100 |
1 |
|
|a Desai, Anita,
|d 1937-
|9 5615
|
| 245 |
1 |
4 |
|a The village by the sea :
|b an Indian family story /
|c Anita Desai.
|
| 260 |
|
|
|a London :
|b Heinemann ;
|a New Delhi :
|b Penguin Books,
|c 1982
|
| 300 |
|
|
|a 260 p. ;
|c 20 cm
|
| 526 |
|
|
|a ENH
|
| 541 |
1 |
|
|e 00017261
|a Words N' Pages
|
| 650 |
|
1 |
|a Family life
|z India
|x Fiction.
|9 58369
|
| 651 |
|
1 |
|a India
|x Social life and customs
|x Fiction.
|9 5658
|
| 852 |
4 |
|
|a Ayesha Abed Library
|c General Stacks
|
| 942 |
|
|
|2 ddc
|c BK
|
| 999 |
|
|
|c 2787
|d 2787
|
| 952 |
|
|
|0 0
|1 0
|2 ddc
|4 0
|6 823_DES_199200000000000
|7 0
|9 2560
|a BRACUL
|b BRACUL
|c GEN
|d 2009-07-23
|e Words N' Pages
|g 500.00
|l 26
|m 114
|o 823 DES
|p 3010017261
|r 2025-11-05
|s 2025-10-05
|t 1
|v 1000.00
|w 2009-07-23
|y BK
|